| 000 | 00729nam a2200277 i 4500 | ||
|---|---|---|---|
| 001 | 000044352 | ||
| 003 | DO-SdBNP | ||
| 005 | 20250429091859.0 | ||
| 007 | ta | ||
| 008 | 250429s1994 dr 001 0 spa d | ||
| 040 |
_aDO-SdBNP _bspa _cBNPHU _erda |
||
| 041 | _hspa | ||
| 082 |
_axxxxxx _bM618 _222 |
||
| 245 | 0 | 0 | _aMi canto es joven. |
| 250 | _aSeptima edición ampliada | ||
| 264 |
_aSanto Domingo : _bITESA, _c1994 |
||
| 300 |
_apáginas variadas. ; _c14 cm. |
||
| 336 |
_ardacontent _btexto _2txt |
||
| 337 |
_ardamedia _bsin mediación _2n |
||
| 338 |
_ardacarrier _bvolumen _2nc |
||
| 500 | _aIncluye índice alfabético | ||
| 590 | _aInventariado,2025/DG | ||
| 710 | _917768 | ||
| 910 | _aDG | ||
| 942 |
_2ddc _cLBS1 |
||
| 999 |
_c58842 _d58842 |
||